000
00314nam a2200145Ia 4500
100
_a
Saluja/S.N
942
_c
BK
654
_a
mechanics
245
_a
Engineering applied mechanics
260
_b
Satya prakashan
_a
New Delhi
_c
1984
082
_a
620.1
_b
SAL
300
_a
1984
546
_a
ENGLISH
999
_c
29982
_d
29982